Countries that End in AN - Statistics

General Stats
  • This quiz has been taken 83 times
  • The average score is 13 of 16
Answer Stats
Countries % Correct
Turkmenistan
97%
Tajikistan
95%
Uzbekistan
95%
Afghanistan
93%
Pakistan
93%
Kazakhstan
92%
Kyrgyzstan
91%
Japan
81%
Azerbaijan
79%
Iran
79%
Oman
79%
Sudan
71%
Bhutan
69%
Jordan
69%
South Sudan
68%
Taiwan
67%
No matching quizzes found
Score Distribution
Percent of People with Each Score
Percentile by Number Answered
Your Score History
You have not taken this quiz